Visualizzazione normale
Vista MARC
- Gillet, Martin Stanislas,
di Corporate Name
Records bibliografici associati: 1
001 - CONTROL NUMBER
- control field: 63132
003 - CONTROL NUMBER IDENTIFIER
- control field: IT-RoINE
005 - DATE AND TIME OF LATEST TRANSACTION
- control field: 20191004111627.0
008 - FIXED-LENGTH DATA ELEMENTS
- fixed length control field: 191004|| aca||aabn | a|a d
040 ## - CATALOGING SOURCE
- Original cataloging agency: IT-RoINE
- Transcribing agency: IT-RoINE
110 ## - HEADING--CORPORATE NAME
- Corporate name or jurisdiction name as entry element: Gillet, Martin Stanislas,
- Location of meeting: Arzobispo de Nicea,
- Date of meeting or treaty signing: 1875-1951
670 ## - SOURCE DATA FOUND
- Source citation: Work cat.: (IT-RoINE)32186: Gillet, Martin Stanislas, Arzobispo de Nicea, 1875-1951, Regula Fratrum et Sororum Tertii Ordinis Saecularis S. Dominici, nencon ejusdem Rituale ac summarium indulgentiarum, privilegiorum et indultorum /, 1941.